[Event "34th Leon Blitz Open 2021"]
[Site "chess.com INT"]
[Date "2021.07.07"]
[Round "5"]
[White "Necula, Iulian"]
[Black "Navarro Segura, Roberto"]
[Result "0-1"]
[BlackTitle "IM"]
[WhiteElo "1890"]
[BlackElo "2123"]
[WhiteFideId "1232380"]
[BlackFideId "5100364"]
[EventDate "2021.07.07"]

1. c4 e5 2. Nc3 Nf6 3. g3 d5 4. cxd5 Nxd5 5. Bg2 Be6 6. Nf3 Nc6 7. O-O Be7 8. e4
Ndb4 9. a3 Nd3 10. b4 f6 11. Rb1 Qd7 12. Ne1 O-O-O 13. Nxd3 Qxd3 14. Qa4 Kb8 15.
b5 Rd4 16. Qd1 Na5 17. Nd5 Bxd5 18. exd5 Qxb1 19. Qg4 Rxg4 0-1

[Event "34th Leon Blitz Open 2021"]
[Site "chess.com INT"]
[Date "2021.07.07"]
[Round "5"]
[White "Wiwatanadate, Poompong"]
[Black "Roman, Rodrigo"]
[Result "0-1"]
[WhiteTitle "FM"]
[BlackTitle "CM"]
[WhiteElo "2043"]
[BlackElo "2071"]
[WhiteFideId "6201083"]
[BlackFideId "3701220"]
[EventDate "2021.07.07"]

1. d4 Nf6 2. c4 e6 3. Nc3 Bb4 4. e3 O-O 5. Bd3 b6 6. Ne2 Bb7 7. a3 Bxc3+ 8. Nxc3
d5 9. Nxd5 exd5 10. O-O Nbd7 11. cxd5 Bxd5 12. Qe2 Re8 13. f3 c5 14. e4 cxd4 15.
Qf2 Nc5 16. Bb5 Bb3 17. Bxe8 Nxe8 18. Bf4 Nc7 19. Qg3 N7e6 20. Bd2 Bc4 21. Rfc1
Nb3 22. Rxc4 Nxa1 23. f4 Nb3 24. Bb4 Nbc5 25. f5 Nxe4 26. Qe1 N6c5 27. Bxc5 Nxc5
28. b4 Nb7 29. Qd2 d3 30. Rc3 Qd4+ 31. Kh1 Rd8 32. h3 Qxc3 33. Qxc3 d2 34. Qc7
d1=Q+ 35. Kh2 Qd6+ 36. Qxd6 Rxd6 0-1

[Event "34th Leon Blitz Open 2021"]
[Site "chess.com INT"]
[Date "2021.07.07"]
[Round "5"]
[White "Kamsky, Gata"]
[Black "Fernandez, Daniel Howard"]
[Result "1/2-1/2"]
[WhiteTitle "GM"]
[BlackTitle "GM"]
[WhiteElo "2658"]
[BlackElo "2487"]
[WhiteFideId "2000024"]
[BlackFideId "5801605"]
[EventDate "2021.07.07"]

1. d4 Nf6 2. Nf3 e6 3. Bf4 Be7 4. h3 b5 5. e3 a6 6. c3 Bb7 7. Nbd2 O-O 8. Bd3 d5
9. O-O c5 10. Ne5 Nc6 11. a3 Nd7 12. Nxc6 Bxc6 13. Nf3 a5 14. Ne5 Nxe5 15. Bxe5
c4 16. Bc2 f5 17. f4 b4 18. axb4 axb4 19. Qd2 1/2-1/2

[Event "34th Leon Blitz Open 2021"]
[Site "chess.com INT"]
[Date "2021.07.07"]
[Round "5"]
[White "Bluebaum, Matthias"]
[Black "Sarana, Alexey"]
[Result "1-0"]
[WhiteTitle "GM"]
[BlackTitle "GM"]
[WhiteElo "2669"]
[BlackElo "2640"]
[WhiteFideId "24651516"]
[BlackFideId "24133795"]
[EventDate "2021.07.07"]

1. d4 Nf6 2. c4 e6 3. Nc3 Bb4 4. e3 b6 5. Bd2 Bb7 6. Nf3 c5 7. Bd3 Bxc3 8. Bxc3
d6 9. O-O Nbd7 10. b4 O-O 11. Qe2 Ne4 12. Be1 Rc8 13. Kh1 Qf6 14. Rd1 Rfd8 15.
Ng1 d5 16. cxd5 exd5 17. bxc5 bxc5 18. f3 Nd6 19. Nh3 Re8 20. Qf2 cxd4 21. exd4
Bc6 22. Bd2 h6 23. Nf4 Nb6 24. Nh5 Qe7 25. Qg3 f5 26. Bxh6 1-0

[Event "34th Leon Blitz Open 2021"]
[Site "chess.com INT"]
[Date "2021.07.07"]
[Round "5"]
[White "Arpita, Mukherjee"]
[Black "Harshavardhan, G B"]
[Result "0-1"]
[WhiteTitle "WIM"]
[BlackTitle "IM"]
[WhiteElo "2206"]
[BlackElo "2397"]
[WhiteFideId "5056403"]
[BlackFideId "25059009"]
[EventDate "2021.07.07"]

1. e4 e5 2. Nf3 Nc6 3. Bb5 a6 4. Ba4 d6 5. O-O Bg4 6. h3 h5 7. c3 Qf6 8. d3 Ne7
9. Nbd2 Ng6 10. Qb3 b5 11. Bxb5 axb5 12. Qxb5 Bd7 13. Qb7 Rb8 14. Qxc7 Nf4 15.
d4 Ne6 16. dxe5 dxe5 17. Qxb8+ Nxb8 18. Nc4 Nc6 19. a4 g5 20. a5 g4 21. Nh2 gxh3
22. g3 Rg8 23. a6 Bc5 24. Be3 Bxe3 25. fxe3 Rxg3+ 26. Kh1 Qg5 27. Nd6+ Ke7 28.
Nf5+ Kd8 29. a7 Nxa7 30. Rxa7 Rg2 31. Nf3 Rh2+ 32. Nxh2 Qg2# 0-1

[Event "34th Leon Blitz Open 2021"]
[Site "chess.com INT"]
[Date "2021.07.07"]
[Round "5"]
[White "Szente Varga, Fruzsina"]
[Black "Khabinets, Ivan"]
[Result "0-1"]
[WhiteTitle "WFM"]
[WhiteElo "2100"]
[BlackElo "1980"]
[WhiteFideId "712264"]
[BlackFideId "14115980"]
[EventDate "2021.07.07"]

1. e4 c5 2. Nf3 d6 3. d4 cxd4 4. Qxd4 Nf6 5. Bb5+ Bd7 6. Bxd7+ Qxd7 7. c4 Nc6 8.
Qe3 Qg4 9. Nc3 Qxg2 10. Rg1 Qh3 11. Rg3 Qd7 12. Bd2 e6 13. O-O-O O-O-O 14. Nb5
a6 15. Nbd4 Nxd4 16. Qxd4 Qc6 17. Ng5 Rd7 18. Rb3 h6 19. Nf3 Qxe4 20. Qa7 Rc7
21. Nd4 Nd7 22. Bc3 Be7 23. Re1 Bg5+ 24. Kd1 Qd3+ 25. Bd2 Qxd2# 0-1

[Event "34th Leon Blitz Open 2021"]
[Site "chess.com INT"]
[Date "2021.07.07"]
[Round "5"]
[White "Dhulipalla, Bala Chandra Prasad"]
[Black "Onischuk, Vladimir"]
[Result "0-1"]
[WhiteTitle "IM"]
[BlackTitle "GM"]
[WhiteElo "2425"]
[BlackElo "2622"]
[WhiteFideId "25005812"]
[BlackFideId "14114038"]
[EventDate "2021.07.07"]

1. d4 d6 2. Bf4 Nc6 3. Nf3 g6 4. e3 Bg7 5. h3 Nf6 6. Be2 O-O 7. O-O Re8 8. Bh2
Bd7 9. c4 e5 10. Nc3 exd4 11. exd4 Ne4 12. Nd5 h6 13. Re1 Ng5 14. Ne3 Nxf3+ 15.
Bxf3 Nxd4 16. Bxb7 Rb8 17. Bd5 Rxb2 18. Qd3 Ne6 19. Qa3 Qb8 20. Rad1 Nc5 21. Bf4
h5 22. h4 Qb6 23. g3 a5 24. Ng2 Rxe1+ 25. Rxe1 Qb4 26. Qf3 Be6 27. Be3 Bxd5 28.
Qxd5 Ne6 29. Rd1 Rxa2 30. c5 Ra1 31. cxd6 Rxd1+ 32. Qxd1 cxd6 33. Qd5 a4 34. Nf4
Nxf4 35. Bxf4 a3 36. Qa8+ Kh7 37. Qd5 Qb1+ 38. Kg2 a2 0-1

[Event "34th Leon Blitz Open 2021"]
[Site "chess.com INT"]
[Date "2021.07.07"]
[Round "5"]
[White "Baskin, Robert"]
[Black "Demchenko, Anton"]
[Result "0-1"]
[WhiteTitle "IM"]
[BlackTitle "GM"]
[WhiteElo "2390"]
[BlackElo "2600"]
[WhiteFideId "24662402"]
[BlackFideId "4160258"]
[EventDate "2021.07.07"]

1. Nf3 Nf6 2. c4 g6 3. Nc3 Bg7 4. e4 O-O 5. d4 d6 6. Be2 Nbd7 7. O-O e5 8. Re1
c6 9. Bf1 exd4 10. Nxd4 Re8 11. f3 Nh5 12. Be3 Be5 13. g3 a5 14. f4 Bg7 15. Bg2
Nhf6 16. Qc2 Ng4 17. Rad1 Nxe3 18. Rxe3 Qb6 19. Qd2 Nc5 20. Kh1 a4 21. Nde2 Be6
22. f5 Bxc4 23. Qxd6 Be5 24. Qd2 Red8 25. Qc2 Rxd1+ 26. Nxd1 Bxa2 27. Nec3 Bb3
28. Qe2 Rd8 29. g4 Qa6 30. Qf3 Rd2 31. Re1 Qd3 32. Re3 Qd6 33. Re1 b5 34. g5 b4
35. Ne2 Rxd1 36. Rxd1 Qxd1+ 0-1

[Event "34th Leon Blitz Open 2021"]
[Site "chess.com INT"]
[Date "2021.07.07"]
[Round "5"]
[White "Guseinov, Gadir"]
[Black "Vasquez Schroeder, Rodrigo"]
[Result "1-0"]
[WhiteTitle "GM"]
[BlackTitle "GM"]
[WhiteElo "2665"]
[BlackElo "2459"]
[WhiteFideId "13401378"]
[BlackFideId "3400042"]
[EventDate "2021.07.07"]

1. e4 c6 2. d4 d5 3. Nd2 dxe4 4. Nxe4 Nd7 5. c3 Ngf6 6. Nxf6+ Nxf6 7. Bc4 Qc7 8.
Qf3 Bg4 9. Qg3 Qxg3 10. hxg3 e6 11. f3 Bf5 12. g4 Bg6 13. Ne2 Nd5 14. Bxd5 cxd5
15. Nf4 Rg8 16. Nxg6 hxg6 17. Ke2 Bd6 18. Kd3 f6 19. a4 Kf7 20. b3 Rh8 21. Be3
Rac8 22. c4 Rhd8 23. c5 Be7 24. f4 a5 25. Bd2 Ra8 26. Rhb1 e5 27. b4 axb4 28.
Rxb4 Rd7 29. fxe5 fxe5 30. Rf1+ Ke8 31. dxe5 Bxc5 32. Rb5 Be7 33. a5 Ra6 34.
Rfb1 Bd8 35. Rxb7 Rxb7 36. Rxb7 Bxa5 37. Bg5 Rb6 38. Re7+ Kf8 39. Ra7 Rb3+ 40.
Kc2 Rb5 41. e6 Rc5+ 42. Kd1 1-0

[Event "34th Leon Blitz Open 2021"]
[Site "chess.com INT"]
[Date "2021.07.07"]
[Round "5"]
[White "Sjugirov, Sanan"]
[Black "Arias, Juan Cruz"]
[Result "1-0"]
[WhiteTitle "GM"]
[BlackTitle "CM"]
[WhiteElo "2661"]
[BlackElo "2277"]
[WhiteFideId "4189302"]
[BlackFideId "118540"]
[EventDate "2021.07.07"]

1. e4 c6 2. d4 d5 3. exd5 cxd5 4. Bd3 Nc6 5. c3 Nf6 6. Bf4 g6 7. Nf3 Bf5 8. Bxf5
gxf5 9. O-O e6 10. Bg5 Bg7 11. Nbd2 Qc7 12. Bxf6 Bxf6 13. Re1 O-O 14. Nf1 Kh8
15. Ng3 Rg8 16. Nh5 Be7 17. Qd2 Rg6 18. g3 Rag8 19. Kh1 Bf8 20. Nh4 Rh6 21. Nf4
Rg4 22. Nxd5 Qd8 23. Ne3 Rgxh4 24. gxh4 Qxh4 25. f3 Bd6 26. Re2 Ne7 27. Rg1 Ng6
28. d5 Nf4 29. Nxf5 Qh5 30. Qd4+ f6 31. Nxh6 Qxf3+ 32. Reg2 Nxg2 33. Rxg2 1-0

[Event "34th Leon Blitz Open 2021"]
[Site "chess.com INT"]
[Date "2021.07.07"]
[Round "5"]
[White "Sliwicka, Alicja"]
[Black "Nefedov, Sergey"]
[Result "0-1"]
[WhiteTitle "WIM"]
[BlackTitle "FM"]
[WhiteElo "2308"]
[BlackElo "2313"]
[WhiteFideId "1150677"]
[BlackFideId "24113417"]
[EventDate "2021.07.07"]

1. e4 d5 2. exd5 Qxd5 3. Nf3 Nf6 4. d4 Bg4 5. Be2 Nc6 6. c4 Qh5 7. h3 O-O-O 8.
Be3 e5 9. d5 e4 10. Ng5 Ne5 11. Bxg4+ Nexg4 12. Nxf7 Bb4+ 13. Nc3 Qxf7 14. hxg4
h5 15. g5 Ng4 16. Qd4 b6 17. O-O-O Bc5 18. Qxe4 Rde8 19. Qf3 Bxe3+ 20. fxe3 Qxf3
21. gxf3 Nxe3 22. Rde1 Nxc4 23. Ne4 Ne5 24. Re3 Nxf3 25. Rxf3 Rxe4 26. g6 Rg4
27. Rfh3 Rxg6 28. Rxh5 Rxh5 29. Rxh5 Rg2 30. a4 Kd7 31. Kb1 Kd6 32. Ka2 a5 33.
Kb3 Rg4 34. Ka3 g6 35. Kb3 gxh5 0-1

[Event "34th Leon Blitz Open 2021"]
[Site "chess.com INT"]
[Date "2021.07.07"]
[Round "5"]
[White "Mikhnenko, Alexander"]
[Black "Riehle, Marco"]
[Result "1-0"]
[WhiteTitle "CM"]
[BlackTitle "FM"]
[WhiteElo "2065"]
[BlackElo "2347"]
[WhiteFideId "34143014"]
[BlackFideId "12904392"]
[EventDate "2021.07.07"]

1. e4 e5 2. Nf3 Nf6 3. Nxe5 Nxe4 4. Qe2 Qe7 5. Qxe4 d6 6. d4 dxe5 7. dxe5 Nc6 8.
Bb5 Bd7 9. O-O O-O-O 10. Be3 a6 11. Ba4 Nxe5 12. Bxd7+ Rxd7 13. Nc3 Nc6 14. Qf3
f6 15. Rfe1 Qf7 16. a3 Bd6 17. b4 Be5 18. Bf4 Nd4 19. Qe4 Bxf4 20. Qxf4 Nxc2 21.
b5 axb5 22. Nxb5 Nxa1 23. Qa4 Rd5 24. Qa8+ Kd7 25. Qxb7 Rc8 26. Na7 Qg8 27. Qc6+
Kd8 28. Nxc8 Re5 29. Rd1+ Kxc8 30. Qa8# 1-0

[Event "34th Leon Blitz Open 2021"]
[Site "chess.com INT"]
[Date "2021.07.07"]
[Round "5"]
[White "Prohorov, Olexandr"]
[Black "Estrada Nieto, Julian"]
[Result "1-0"]
[WhiteTitle "FM"]
[BlackTitle "IM"]
[WhiteElo "2086"]
[BlackElo "2280"]
[WhiteFideId "14105578"]
[BlackFideId "5101018"]
[EventDate "2021.07.07"]

1. e4 e5 2. Nf3 Nc6 3. Nc3 Nf6 4. Bb5 Bb4 5. d3 O-O 6. O-O Bxc3 7. bxc3 d6 8.
Bg5 Bd7 9. Re1 Ne7 10. Bxf6 Bxb5 11. Bh4 f6 12. Rb1 Bc6 13. d4 Ng6 14. Bg3 b6
15. Qd3 Kh8 16. Qc4 Bd7 17. Rbd1 Bg4 18. dxe5 Bxf3 19. gxf3 fxe5 20. Kg2 Qe7 21.
Re3 Rf6 22. h4 Raf8 23. h5 Nf4+ 24. Bxf4 Rxf4 25. Rh1 Qg5+ 26. Kf1 R8f6 27. Qxc7
h6 28. Qc8+ Kh7 29. Qh3 Rf7 30. Ke2 Qd8 31. Rd3 Qc7 32. Rg1 Qc4 33. Rg3 Qxa2 34.
Kd2 Qa1 35. Qg2 R4f6 36. Rg6 a5 37. Rxd6 Qa3 38. Rdxf6 gxf6 39. Rg8 Rd7+ 40. Ke2 1-0

[Event "34th Leon Blitz Open 2021"]
[Site "chess.com INT"]
[Date "2021.07.07"]
[Round "5"]
[White "Dong, Bao Nghia"]
[Black "Vovk, Orest"]
[Result "0-1"]
[WhiteTitle "CM"]
[BlackTitle "FM"]
[WhiteElo "2227"]
[BlackElo "2315"]
[WhiteFideId "12400343"]
[BlackFideId "14113490"]
[EventDate "2021.07.07"]

1. d4 Nc6 2. c4 e5 3. e3 Nf6 4. Nf3 Bb4+ 5. Bd2 Bxd2+ 6. Qxd2 d6 7. dxe5 Nxe5 8.
Nxe5 dxe5 9. Qxd8+ Kxd8 10. Nc3 Be6 11. O-O-O+ Ke7 12. Be2 c6 13. Rd2 Rhd8 14.
Rhd1 Rxd2 15. Rxd2 Rd8 16. Rxd8 Kxd8 17. f4 exf4 18. exf4 Ke7 19. h3 h5 20. Kd2
h4 21. Ke3 Kd6 22. b4 b6 23. a3 Bd7 24. Bd3 c5 25. b5 Bc8 26. Be4 Be6 27. Kd3
Ke7 28. Bc6 Bf5+ 29. Ke3 Kd6 30. Bd5 Nxd5+ 31. cxd5 Bc2 32. Kd2 Bb3 33. Ne4+
Kxd5 34. Ng5 Kd4 35. Nf3+ Ke4 36. Kc3 Be6 37. Nxh4 Kxf4 38. g4 g6 39. Ng2+ Kg3 0-1

[Event "34th Leon Blitz Open 2021"]
[Site "chess.com INT"]
[Date "2021.07.07"]
[Round "5"]
[White "Tejedor Fuente, Enrique"]
[Black "Mogirzan, Matei-Valeriu"]
[Result "1-0"]
[WhiteTitle "IM"]
[BlackTitle "CM"]
[WhiteElo "2434"]
[BlackElo "1813"]
[WhiteFideId "2299100"]
[BlackFideId "1257455"]
[EventDate "2021.07.07"]

1. e4 e5 2. Nf3 Nf6 3. Nxe5 Nc6 4. Nxc6 dxc6 5. d3 Bc5 6. Be2 h5 7. h3 Qd4 8.
O-O Ng4 9. hxg4 hxg4 10. g3 Qe5 11. Kg2 Bxf2 12. Bf4 Qxb2 13. Nd2 Bb6 14. Nc4
Qd4 15. Be3 Qd8 16. Nxb6 cxb6 17. Bxg4 Qd6 18. Qf3 Be6 19. Bxe6 Qxe6 20. Qf5 Qe7
21. Rh1 Rf8 22. Rh7 g6 23. Qg5 Qe6 24. Rf1 Qxa2 25. Qe5+ Qe6 26. Qxe6+ fxe6 27.
Rxf8+ Kxf8 28. Rh8+ 1-0

[Event "34th Leon Blitz Open 2021"]
[Site "chess.com INT"]
[Date "2021.07.07"]
[Round "5"]
[White "Lysyj, Igor"]
[Black "Filip, Lucian-Ioan"]
[Result "1-0"]
[WhiteTitle "GM"]
[BlackTitle "IM"]
[WhiteElo "2605"]
[BlackElo "2431"]
[WhiteFideId "4150120"]
[BlackFideId "1208900"]
[EventDate "2021.07.07"]

1. d4 e6 2. c4 Bb4+ 3. Bd2 Bxd2+ 4. Qxd2 Nf6 5. Nf3 O-O 6. Nc3 d5 7. e3 Qe7 8.
cxd5 exd5 9. Bd3 Rd8 10. h3 b6 11. O-O c5 12. b3 Ba6 13. Rfd1 Bxd3 14. Qxd3 Nbd7
15. Rac1 Rac8 16. Qa6 Nb8 17. Qa3 Kf8 18. dxc5 bxc5 19. Na4 Na6 20. Nb2 Nb4 21.
Nd3 Nxd3 22. Rxd3 c4 23. Qxe7+ Kxe7 24. Rdc3 Ne4 25. R3c2 Nd6 26. Nd4 Kd7 27.
Rd1 cxb3 28. Rxc8 Rxc8 29. axb3 Rb8 30. Ra1 Rb7 31. Ra5 g6 32. Rxd5 Ke7 33. Ra5
Kd7 34. f3 Kc7 35. g4 Kb6 36. Rd5 Kc7 37. Rc5+ Kd7 38. Kf2 a6 39. e4 Nb5 40.
Nxb5 axb5 41. b4 Kd6 42. g5 Ke7 43. h4 f6 44. Kg3 Kf7 45. Kg4 fxg5 46. hxg5 Kg7
47. f4 h6 48. gxh6+ Kxh6 49. e5 Kg7 50. Kf3 1-0

[Event "34th Leon Blitz Open 2021"]
[Site "chess.com INT"]
[Date "2021.07.07"]
[Round "5"]
[White "Yen, William"]
[Black "Golubev, Mikhail"]
[Result "0-1"]
[BlackTitle "GM"]
[WhiteElo "2056"]
[BlackElo "2461"]
[WhiteFideId "30932025"]
[BlackFideId "14100983"]
[EventDate "2021.07.07"]

1. d4 g6 2. c4 Bg7 3. Nf3 d6 4. Nc3 Nf6 5. e4 O-O 6. Be2 e5 7. d5 Qe8 8. Be3 Nh5
9. Nd2 Nf4 10. Bf3 f5 11. O-O Nxg2 12. Bxg2 f4 13. Bxa7 Rxa7 14. Nb5 Ra5 15.
Nxc7 Qe7 16. b4 Ra3 17. Nb5 Rd3 18. f3 g5 19. Qc2 Re3 20. Rae1 Na6 21. a3 g4 22.
fxg4 Bxg4 23. Nf3 Kh8 24. Qf2 Bh6 25. Qh4 Qxh4 26. Nxh4 Rxe1 27. Rxe1 f3 28.
Bxf3 Bxf3 29. Nxf3 Rxf3 30. Nxd6 Rxa3 31. Nxb7 Nxb4 32. d6 Nc6 33. c5 Rb3 34.
Na5 Nxa5 35. Ra1 Rb5 36. Rxa5 Rxa5 37. c6 Bg5 38. d7 Rc5 0-1

[Event "34th Leon Blitz Open 2021"]
[Site "chess.com INT"]
[Date "2021.07.07"]
[Round "5"]
[White "Dushyant, Sharma"]
[Black "Lopez Idarraga, Daniel Eduardo"]
[Result "0-1"]
[WhiteTitle "FM"]
[BlackTitle "FM"]
[WhiteElo "2270"]
[BlackElo "2009"]
[WhiteFideId "25065130"]
[BlackFideId "4405501"]
[EventDate "2021.07.07"]

1. e4 c5 2. Nf3 e6 3. d4 cxd4 4. Nxd4 Nf6 5. Nc3 Nc6 6. f4 Bb4 7. Nxc6 bxc6 8.
Bd3 d5 9. e5 d4 10. exf6 dxc3 11. O-O Qxf6 12. bxc3 Bxc3 13. Rb1 O-O 14. Ba3 Rd8
15. Rb3 Bd4+ 16. Kh1 Bd7 17. Qf3 Rab8 18. Bd6 Rxb3 19. axb3 c5 20. h3 a5 21. Bc7
Rc8 22. Bxa5 Bc6 23. Be4 Bxe4 24. Qxe4 g6 25. Qb7 Re8 26. Qc6 Qe7 27. c3 Bf6 28.
b4 cxb4 29. Bxb4 Qd8 30. Ra1 Kg7 31. c4 Bxa1 32. Ba5 Qc8 33. Qa4 Bf6 34. c5 Qxc5
35. Qxe8 Qxa5 36. Qb8 e5 37. f5 gxf5 38. Qb3 f4 39. Qf3 Qe1+ 40. Qf1 Qg3 41. Qd1
e4 42. Qe2 f3 43. gxf3 exf3 44. Qh2 Qxh2+ 0-1

[Event "34th Leon Blitz Open 2021"]
[Site "chess.com INT"]
[Date "2021.07.07"]
[Round "5"]
[White "Guevara Sanchez, Erick Marvin"]
[Black "Saravana, Krishnan P."]
[Result "0-1"]
[WhiteTitle "FM"]
[BlackTitle "IM"]
[WhiteElo "2173"]
[BlackElo "2312"]
[WhiteFideId "6700136"]
[BlackFideId "5018382"]
[EventDate "2021.07.07"]

1. e4 c6 2. d4 d5 3. f3 e6 4. Nc3 Bb4 5. e5 b6 6. a3 Bxc3+ 7. bxc3 Ba6 8. Bxa6
Nxa6 9. a4 Ne7 10. Ne2 c5 11. O-O Rc8 12. Nf4 Ng6 13. Nh5 O-O 14. f4 cxd4 15.
cxd4 Qc7 16. Ba3 Rfd8 17. Qd3 Qc4 18. Qe3 Qc3 19. Qe2 Qxd4+ 20. Kh1 Nc5 21. Rad1
Qxa4 22. Bc1 Ne4 23. Qg4 Qxc2 24. f5 exf5 25. Qxf5 Rf8 26. Be3 Rce8 27. Bd4 Re6
28. Qg4 a5 29. h4 a4 30. Qf5 Nxh4 31. Qg4 Rg6 32. Qh3 Qxg2+ 33. Qxg2 Nxg2 34.
Bxb6 Rg5 35. Ng3 Nxg3+ 36. Kxg2 Nxf1+ 37. Kxf1 Rxe5 38. Ra1 Rf5+ 39. Ke2 Re8+
40. Kd3 Rf4 41. Bd4 f6 42. Rxa4 Kf7 43. Ra7+ Kg6 44. Ra5 Ree4 45. Bc3 Rf3+ 46.
Kc2 Rc4 0-1

[Event "34th Leon Blitz Open 2021"]
[Site "chess.com INT"]
[Date "2021.07.07"]
[Round "5"]
[White "Vitenberg, Noam Aviv"]
[Black "Gorodetzky, David"]
[Result "0-1"]
[WhiteTitle "FM"]
[BlackTitle "IM"]
[WhiteElo "2315"]
[BlackElo "2496"]
[WhiteFideId "1532138"]
[BlackFideId "2813416"]
[EventDate "2021.07.07"]

1. d4 d5 2. c4 e6 3. Nc3 Nf6 4. cxd5 exd5 5. Bg5 c6 6. e3 Bd6 7. Bd3 O-O 8. Qc2
h6 9. Bh4 Re8 10. Nf3 Bg4 11. Bg3 Bxg3 12. hxg3 Nbd7 13. O-O Qe7 14. Rab1 a5 15.
a3 Ne4 16. Bxe4 dxe4 17. Nd2 Bf5 18. b4 Nf6 19. Nc4 axb4 20. axb4 Ng4 21. f3 Be6
22. Nd1 exf3 23. Rxf3 Bd5 24. Rf4 Be4 25. Qe2 Bxb1 26. Rxg4 Qxb4 27. Ne5 Ra1 28.
Kh2 Bf5 29. Rf4 Qb1 30. Rf1 Ra2 31. Qf3 Qe4 32. Nc3 Qxf3 33. Rxf3 Rc2 34. Na4
Be4 35. Rf4 Bxg2 36. Kg1 f6 37. Nd7 Rxe3 38. Rf1 0-1

[Event "34th Leon Blitz Open 2021"]
[Site "chess.com INT"]
[Date "2021.07.07"]
[Round "5"]
[White "Dobre, Claudiu-Cristian"]
[Black "Gabriel, Robert"]
[Result "1-0"]
[WhiteTitle "IM"]
[BlackTitle "FM"]
[WhiteElo "2314"]
[BlackElo "2236"]
[WhiteFideId "1211854"]
[BlackFideId "4606477"]
[EventDate "2021.07.07"]

1. c4 e6 2. Nf3 d5 3. b3 Be7 4. Bb2 Bf6 5. d4 Ne7 6. Nbd2 O-O 7. e4 dxe4 8. Nxe4
Nf5 9. g4 Nd6 10. Bd3 Nxe4 11. Bxe4 c5 12. Qd2 Nc6 13. O-O-O Nxd4 14. Nxd4 Bxd4
15. Bxd4 cxd4 16. Qxd4 Qg5+ 17. Kb1 e5 18. Qd3 g6 19. f3 Be6 20. h4 Qe7 21. Qe3
Rad8 22. Qxa7 Ra8 23. Qf2 Bxc4 24. bxc4 Qb4+ 25. Qb2 Qxc4 26. Bd5 Qf4 27. Qd2
Qf6 28. g5 Qe7 29. h5 Rfd8 30. hxg6 hxg6 31. Qh2 Qb4+ 32. Bb3 Rxd1+ 33. Rxd1 Rc8
34. Rh1 Kf8 35. Qxe5 Qc3 36. Rh8# 1-0

[Event "34th Leon Blitz Open 2021"]
[Site "chess.com INT"]
[Date "2021.07.07"]
[Round "5"]
[White "Gimenez Aguirre, Alejo Ismael"]
[Black "Liyanage, Ranindu Dilshan"]
[Result "1-0"]
[WhiteTitle "IM"]
[BlackTitle "CM"]
[WhiteElo "2265"]
[BlackElo "2203"]
[WhiteFideId "32041667"]
[BlackFideId "9915834"]
[EventDate "2021.07.07"]

1. e4 c5 2. Nf3 d6 3. d4 cxd4 4. Nxd4 Nf6 5. Nc3 a6 6. a4 e5 7. Nb3 Be6 8. Bg5
Nbd7 9. Be2 h6 10. Bh4 Be7 11. O-O Nb6 12. Na5 Qc7 13. Qd3 g5 14. Bg3 Rc8 15.
Rfd1 Nfd7 16. Qe3 g4 17. f4 d5 18. Qd2 d4 19. Nb1 Qxc2 20. f5 Bb3 21. Nxb7 Qc7
22. Na5 Bxd1 23. Bxd1 Qc1 24. Be1 Bg5 25. Qe2 Nc5 26. b4 d3 27. Qxg4 Be3+ 28.
Kf1 Ncxa4 29. f6 d2 30. Bxa4+ Nxa4 31. Nxd2 Qc6 32. Nxc6 Rxc6 33. Rxa4 Ba7 34.
b5 Rc7 35. Rxa6 Rg8 1-0

[Event "34th Leon Blitz Open 2021"]
[Site "chess.com INT"]
[Date "2021.07.07"]
[Round "5"]
[White "Valle Maytin, Luis Enrique"]
[Black "Primbetov, Kazbek"]
[Result "1/2-1/2"]
[WhiteTitle "FM"]
[BlackTitle "FM"]
[WhiteElo "2284"]
[BlackElo "2207"]
[WhiteFideId "3503666"]
[BlackFideId "13702297"]
[EventDate "2021.07.07"]

1. e4 c5 2. Nf3 d6 3. d4 cxd4 4. Nxd4 Nf6 5. Nc3 Nc6 6. Bg5 Bd7 7. Qd2 h6 8. Bh4
g5 9. Bg3 Nh5 10. O-O-O Bg7 11. Nb3 a5 12. a4 Rc8 13. Be2 Nxg3 14. hxg3 Nb4 15.
Nd4 Qb6 16. Bb5 Bxb5 17. Ndxb5 O-O 18. f4 gxf4 19. gxf4 Rc5 20. Kb1 Rfc8 21. g4
Bxc3 22. bxc3 Na6 23. Kc1 Nc7 24. Rxh6 Nxb5 25. Qh2 f6 26. Rh8+ Kf7 27. Qh7+ Ke6
28. f5+ Kd7 29. Rxc8 Rxc8 30. axb5 Qe3+ 31. Kb1 Qxc3 32. Qh2 Rc4 33. Rd3 Rb4+
34. Kc1 Qa1+ 35. Kd2 Rxe4 36. Qf2 Qe5 37. Qb6 Re2+ 38. Kd1 Re1+ 39. Kd2 Re2+ 40.
Kd1 Re1+ 41. Kd2 Qe2+ 42. Kc3 Qe5+ 43. Kd2 1/2-1/2

[Event "34th Leon Blitz Open 2021"]
[Site "chess.com INT"]
[Date "2021.07.07"]
[Round "5"]
[White "Larino Nieto, David"]
[Black "Vazquez, Facundo"]
[Result "1-0"]
[WhiteTitle "GM"]
[BlackTitle "CM"]
[WhiteElo "2455"]
[BlackElo "2199"]
[WhiteFideId "2256444"]
[BlackFideId "3007669"]
[EventDate "2021.07.07"]

1. Nf3 Nf6 2. b3 g6 3. Bb2 Bg7 4. g3 O-O 5. Bg2 d5 6. c4 c6 7. O-O Ne8 8. Bxg7
Nxg7 9. d4 Nd7 10. Nbd2 Nb6 11. a4 a5 12. c5 Nd7 13. b4 axb4 14. Qb3 b6 15. e4
Ba6 16. Rfc1 bxc5 17. exd5 c4 18. Nxc4 cxd5 19. Nce5 Nxe5 20. Nxe5 Nf5 21. Qxb4
Rb8 22. Qd2 Qb6 23. Nd7 Qxd4 24. Qxd4 Nxd4 25. Nxb8 Rxb8 26. Bf1 Bc8 27. a5 Bf5
28. Rd1 e5 29. a6 Ra8 30. a7 Bc2 31. Rdc1 Be4 32. f3 Nxf3+ 33. Kf2 Nd4 34. Rc7
Bf5 35. Rb7 Nc6 36. Bb5 Nxa7 37. Raxa7 Rf8 38. Bc6 Be6 39. Bd7 Bf5 40. Bxf5 gxf5
41. Re7 e4 42. Rad7 d4 43. Rxd4 Rb8 44. Rdd7 1-0